Catálogo
 En Linea

Contribución para la historia del feminismo dominicano / (Registro nro. 26874)

Detalles MARC
000 -CABECERA
campo de control de longitud fija 00846nam a2200229 a 4500
001 - NÚMERO DE CONTROL
campo de control 000027382
003 - IDENTIFICADOR DEL NÚMERO DE CONTROL
campo de control OSt
005 - FECHA Y HORA DE LA ÚLTIMA TRANSACCIÓN
campo de control 20210428104443.0
008 - DATOS DE LONGITUD FIJA--INFORMACIÓN GENERAL
campo de control de longitud fija 110331s1952 dr r 000 0 spa d
040 ## - FUENTE DE LA CATALOGACIÓN
Centro catalogador/agencia de origen DO-SdBNP
Lengua de catalogación spa
Centro/agencia transcriptor BNPHU
082 #4 - NÚMERO DE LA CLASIFICACIÓN DECIMAL DEWEY
Número de clasificación 305.42097293
Número de documento/Ítem G633c
Número de edición 22
100 1# - ENTRADA PRINCIPAL--NOMBRE DE PERSONA
Nombre de persona Gómez, Petronila Angélica
9 (RLIN) 46067
245 10 - MENCIÓN DE TÍTULO
Título Contribución para la historia del feminismo dominicano /
Mención de responsabilidad, etc. Petronila Angélica Gómez.
260 ## - PUBLICACIÓN, DISTRIBUCIÓN, ETC.
Lugar de publicación, distribución, etc. Ciudad Trujillo, República Dominicana :
Nombre del editor, distribuidor, etc. Librera Dominicana,
Fecha de publicación, distribución, etc. 1952.
300 ## - DESCRIPCIÓN FÍSICA
Extensión 143 p. ;
Dimensiones 23 cm.
500 ## - NOTA GENERAL
Nota general Incluye datos biográficos del autor en la solapa de la cubierta
590 ## - NOTA LOCAL (RLIN)
Nota local Inventariado, 2019/BT
650 #4 - PUNTO DE ACCESO ADICIONAL DE MATERIA--TÉRMINO DE MATERIA
Término de materia o nombre geográfico como elemento de entrada Mujeres
Subdivisión geográfica República Dominicana
Subdivisión general Historia
9 (RLIN) 1938
650 #4 - PUNTO DE ACCESO ADICIONAL DE MATERIA--TÉRMINO DE MATERIA
Término de materia o nombre geográfico como elemento de entrada Feminismo
Subdivisión geográfica República Dominicana
Subdivisión general Historia
9 (RLIN) 35783
910 ## - DATOS DE OPCIÓN DEL USUARIO (OCLC)
Datos de opción del usuario Validado. Control de calidad MFF
942 ## - ELEMENTOS DE PUNTO DE ACCESO ADICIONAL (KOHA)
Fuente del sistema de clasificación o colocación Dewey Decimal Classification
Tipo de ítem Koha Libros y folletos
Existencias
Estado de retiro Estado de pérdida Fuente del sistema de clasificación o colocación Restricciones de uso No para préstamo Código de colección Localización permanente Ubicación/localización actual Ubicación en estantería Fecha de adquisición Total de préstamos Signatura topográfica completa Código de barras Fecha visto por última vez Precio válido a partir de Tipo de ítem Koha Número de copia
    Dewey Decimal Classification Excluido de préstamo Excluido de préstamo Raros y valiosos Biblioteca Nacional Pedro Henríquez Ureña Patrimonio Dominicano Depósito 31.03.2011   BNPHU PD-RV 305.42097293 G633c 27382-10 25.06.2020 25.06.2020 Libro  
  Extraviado Dewey Decimal Classification Excluido de préstamo Préstamo restrigido Raros y valiosos Biblioteca Nacional Pedro Henríquez Ureña Patrimonio Dominicano Extraviado 08.07.2013   BNPHU PD-RV 305.42097293 G633c 27382-20 25.06.2020 25.06.2020 Libro e.2

Con tecnología Koha